000 00806nam a22002175i 4500
001 177638
003 ES-MaACL
005 20230906220358.0
008 110408s1963 sp ado |||| | spa d
080 _a537.531:6
100 1 _aBermúdez de Castro y Mosquera, José María.
_928143
245 1 4 _aLos rayos X en su aplicación industrial /
_cpor José Mª Bermúdez de Castro y Mosquera.
260 _aMadrid :
_bMontecorvo,
_c1963.
300 _a212 p. :
_bil. bl. y n. ;
_c24 cm.
490 1 _aMonografías. Colección de estudios técnicos ;
_v5
504 _aBibliografía: p. 209-213.
650 0 4 _aRayos X-
_xAplicaciones industriales.
_9146068
830 0 _aMonografías. Colección de estudios técnicos ;
_v5
_9190526
852 _aES-MaACL
_jE-14840
_xOlim P-251-bis
999 _c177638
_d177638